<?xml version="1.0" encoding="UTF-8"?>
<record
    xmlns:xsi="http://www.w3.org/2001/XMLSchema-instance"
    xsi:schemaLocation="http://www.loc.gov/MARC21/slim http://www.loc.gov/standards/marcxml/schema/MARC21slim.xsd"
    xmlns="http://www.loc.gov/MARC21/slim">

  <leader>00617nam a2200193 a 4500</leader>
  <controlfield tag="003">DO-SdBNP</controlfield>
  <controlfield tag="005">20211014154445.0</controlfield>
  <controlfield tag="007">ta</controlfield>
  <controlfield tag="008">211014e2015    dr ad||gr|||| 001 0dspa d</controlfield>
  <datafield tag="020" ind1=" " ind2=" ">
    <subfield code="a">8799945084702</subfield>
  </datafield>
  <datafield tag="040" ind1=" " ind2=" ">
    <subfield code="a">DO-SdBNP</subfield>
    <subfield code="b">spa</subfield>
    <subfield code="c">BNPHU</subfield>
  </datafield>
  <datafield tag="082" ind1=" " ind2="4">
    <subfield code="2">22</subfield>
    <subfield code="b">P438g</subfield>
  </datafield>
  <datafield tag="100" ind1="1" ind2=" ">
    <subfield code="a">P&#xE9;rez Russo, Roc&#xED;o </subfield>
    <subfield code="9">80230</subfield>
  </datafield>
  <datafield tag="245" ind1="1" ind2="0">
    <subfield code="a">Gestionando en Dominicana talento y renovaci&#xF3;n:</subfield>
    <subfield code="b">gesti&#xF3;n de personas /</subfield>
    <subfield code="c">Roc&#xED;o P&#xE9;rez Russo</subfield>
  </datafield>
  <datafield tag="260" ind1=" " ind2=" ">
    <subfield code="a">[Santo Domingo] :</subfield>
    <subfield code="b">(AIU),</subfield>
    <subfield code="b">Del Roc&#xED;o,</subfield>
    <subfield code="c">2018</subfield>
  </datafield>
  <datafield tag="300" ind1=" " ind2=" ">
    <subfield code="a">153 p. :</subfield>
    <subfield code="b">il., gr&#xE1;f.</subfield>
    <subfield code="c">25 cm.</subfield>
  </datafield>
  <datafield tag="830" ind1=" " ind2="0">
    <subfield code="a">Atlantic Internacional University (AIU)</subfield>
    <subfield code="9">80231</subfield>
  </datafield>
  <datafield tag="942" ind1=" " ind2=" ">
    <subfield code="2">ddc</subfield>
    <subfield code="c">LBS1</subfield>
  </datafield>
  <datafield tag="952" ind1=" " ind2=" ">
    <subfield code="0">0</subfield>
    <subfield code="1">0</subfield>
    <subfield code="2">ddc</subfield>
    <subfield code="5">1</subfield>
    <subfield code="7">0</subfield>
    <subfield code="8">PD</subfield>
    <subfield code="a">BNPHU</subfield>
    <subfield code="b">PD</subfield>
    <subfield code="c">HD</subfield>
    <subfield code="d">2015-12-04</subfield>
    <subfield code="e">Dep&#xF3;sito legal / Roc&#xED;o P&#xE9;rez Russo</subfield>
    <subfield code="l">0</subfield>
    <subfield code="o">P438g</subfield>
    <subfield code="p">2021-27393</subfield>
    <subfield code="r">2021-10-14</subfield>
    <subfield code="w">2021-10-14</subfield>
    <subfield code="y">LFPD</subfield>
  </datafield>
  <datafield tag="952" ind1=" " ind2=" ">
    <subfield code="0">0</subfield>
    <subfield code="1">0</subfield>
    <subfield code="2">ddc</subfield>
    <subfield code="5">1</subfield>
    <subfield code="7">0</subfield>
    <subfield code="8">PD</subfield>
    <subfield code="a">BNPHU</subfield>
    <subfield code="b">PD</subfield>
    <subfield code="c">HD</subfield>
    <subfield code="d">2015-12-04</subfield>
    <subfield code="e">Dep&#xF3;sito legal / Roc&#xED;o P&#xE9;rez Russo</subfield>
    <subfield code="l">0</subfield>
    <subfield code="o">P438g</subfield>
    <subfield code="p">2021-27394</subfield>
    <subfield code="r">2021-10-14</subfield>
    <subfield code="t">e.2</subfield>
    <subfield code="w">2021-10-14</subfield>
    <subfield code="y">LFPD</subfield>
  </datafield>
  <datafield tag="952" ind1=" " ind2=" ">
    <subfield code="0">0</subfield>
    <subfield code="1">0</subfield>
    <subfield code="2">ddc</subfield>
    <subfield code="7">0</subfield>
    <subfield code="a">BNPHU</subfield>
    <subfield code="b">BNPHU</subfield>
    <subfield code="d">2015-12-04</subfield>
    <subfield code="e">Dep&#xF3;sito legal / Roc&#xED;o P&#xE9;rez Russo</subfield>
    <subfield code="l">0</subfield>
    <subfield code="o">P438g</subfield>
    <subfield code="p">2021-27395</subfield>
    <subfield code="r">2021-10-14</subfield>
    <subfield code="t">e.3</subfield>
    <subfield code="w">2021-10-14</subfield>
    <subfield code="y">LBS1</subfield>
  </datafield>
  <datafield tag="999" ind1=" " ind2=" ">
    <subfield code="c">50754</subfield>
    <subfield code="d">50754</subfield>
  </datafield>
</record>
